000 00699nam a2200205Ia 4500
003 GCL
008 140319s9999 xx 000 0 ara d
040 _aGCL /
_cGCL
082 0 4 _a155.455
_bا ا
100 1 _aالشريف محمد بن فيصل الهاشمى
245 1 0 _aالاساليب العلمية لرعاية الموهوبين فى الوطن العربى /
_cالشريف محمد بن فيصل الهاشمى
260 _a[S.N] :
_bدار النصر ،
_c1993
300 _a184 ص
490 _a
650 0 4 _aالخدمة الاجتماعية
650 0 4 _aالموهبة
650 0 4 _aالابداع الادبى والفنى
650 0 4 _aالنبوغ
942 _2ddc
_cBK
999 _c55037
_d55037